| 000 | 01234nam a22003737a 4500 | ||
|---|---|---|---|
| 001 | 198 | ||
| 003 | FISKH | ||
| 005 | 20231211160313.0 | ||
| 008 | 230303b cb ||||| |||| 00| 0 eng d | ||
| 010 | _a 2015013149 | ||
| 040 |
_aDLC _beng _cDLC _erda _dDLC _dFISKH |
||
| 042 | _apcc | ||
| 050 | 0 | 0 |
_aQL737.C23 _bJ39 2015 |
| 082 | 0 | 0 |
_a599.756 _223 |
| 100 | 1 | _aJazynka, Kitson. | |
| 245 | 1 | 0 |
_aMission tiger rescue : _ball about tigers and how to save them / _cKitson Jazynka with National Geographic Explorer Daniel Raven-Ellison. |
| 246 | 3 | 0 | _aTiger rescue |
| 264 | 1 |
_aWashington, D.C. : _bNational Geographic Society, _c2015 |
|
| 300 |
_a112 p. : _billustrations (chiefly color), color map ; _c28 cm. |
||
| 336 |
_atext _2rdacontent |
||
| 337 |
_aunmediated _2rdamedia |
||
| 338 |
_avolume _2rdacarrier |
||
| 490 | 0 | _aMission: animal rescue | |
| 490 | 0 | _aNational Geographic Kids | |
| 504 | _aIncludes bibliographical references and index. | ||
| 505 | _aZ1 | ||
| 521 | 8 |
_a1110
_bLexile |
|
| 521 | 8 |
_aZ1 _bRaz-Plus |
|
| 650 | 0 |
_aTiger _vJuvenile literature. |
|
| 700 | 1 |
_aRaven-Ellison, Daniel, _eauthor. |
|
| 730 | 0 | _aNational geographic. | |
| 906 |
_a7 _bcbc _corignew _d1 _eecip _f20 _gy-gencatlg |
||
| 942 |
_2ddc _cBK _n0 |
||
| 999 |
_c198 _d198 |
||